000 00579nam a2200193 a 4500
005 20210223121316.0
008 991125s1950 mx 000 0 spa u
035 _aUPN01000015548
049 _aCG
050 4 _aDC274
_bM3.3
100 1 _aMarx, Karl,
_d1818-1883
245 1 3 _aEl dieciocho Brumario de Luis Bonaparte /
_cMarx.
260 _aMoscú :
_bProgreso,
_c[1950?].
300 _a124 p.
500 _aDisponible en la Colección Medina
600 0 4 _aLUIS BONAPARTE,
_cREY DE LOS PAISES BAJOS,
_d1788-1846
_95541
651 4 _aFRANCIA -
_xHISTORIA
_914326
905 _aLibro
999 _c15548
_d15548